| 000 | 00692nam a22002297a 4500 | ||
|---|---|---|---|
| 005 | 20170124110200.0 | ||
| 010 | _aA-853585 | ||
| 020 |
_a007463366 _c00.00 |
||
| 035 | _aA-853585 | ||
| 037 | _bCen Lib/Ret | ||
| 040 |
_aDPL _bEN |
||
| 082 |
_a005.8 _bSHA |
||
| 100 |
_a Shah, Saumil U _972625 |
||
| 245 |
_aThe anti-virus book / _cby Saumil U Shah |
||
| 260 |
_aNew Delhi _bTata McGraw-Hill Publishing Company _c1997 |
||
| 270 |
_a4/12, Asaf ali road _bNew Delhi _e110002 |
||
| 300 |
_axiii, 430p. _c23cm(Hb) |
||
| 500 | _aIncludes appendix and index | ||
| 650 |
_aComputer science _972626 |
||
| 650 |
_aAnti-virus software _972627 |
||
| 942 |
_2ddc _cEN _h005.8 _mSHA |
||
| 999 |
_c132874 _d132874 |
||